24 trivia Quiz Stats

Quiz not verified by Sporcle

Challenge
Share
Tweet
Embed
Score 0/20 Timer 06:00
0 Plays Today
question answer % Correct
Name the younger salazar brother.Hector
77.3%
Jack's partner and kim's lover was named? (first and last)Chase Edmunds
73.3%
Name the younger Drazen brotherAlexis
72%
who were the two boys who kidnapped kim and janet?dan and rick
70.7%
David palmer's cheif of staff in season 3 was?Wayne Palmer
70.7%
The most hated character in all of 24 is?Sherry palmer
70.7%
Season 8: Jack bauer wanted revenge for who's death?Renee walker
69.3%
Tony's mug has what baseball team's logo on it?Chicago Cubs
62.7%
Tony was shot in the neck at what location?Mall
60%
List the seasons mandy was in using numerical order.1,2,4
60%
question answer % Correct
The little girl kim protected from Gary was named?Megan
58.7%
Jack ordered a fake kill on what terrorist's son in season 2?Syed Ali
56%
The father of the Araz family was named?Navi
53.3%
what teenage boy was thought to have the cordilla virus but really didn't?Kyle singer
48%
Omar Hassan's wife was named?Dalia
41.3%
Who played Jack's wife, Teri Bauer?Leslie Hope
34.7%
Jack posed as what business man's limo driver in season 1?Ted cofell
33.3%
Season 7: What code words did Tony give Jack in the interrogation room to let him know he was working undercover?Deep sky
28%
What was the name of the Hotel where the cordilla virus was released?Chandler Plaza Hotel
24%
Gael and adam were in what season?3
22.7%

You're not logged in!

Compare scores with friends on all Sporcle quizzes.
Sign Up with Email
OR
Log In

You Might Also Like...

Show Comments

Extras

Top Quizzes Today


Score Distribution

Your Account Isn't Verified!

In order to create a playlist on Sporcle, you need to verify the email address you used during registration. Go to your Sporcle Settings to finish the process.

Report this User

Report this user for behavior that violates our Community Guidelines.

Details: